000 00220 a2200085 4500
020 _a9780007527526
100 _aCHRISTIE, AGATHA
245 _aTHE MURDER OF ROGER ACKROYD
260 _bHARPER COLLINS PUBLISHERS, LONDON
_c2013
999 _c218437
_d218437